| 000 | 00943cam a2200277 i 4500 | ||
|---|---|---|---|
| 999 |
_c504091 _d504091 |
||
| 001 | 17280692 | ||
| 005 | 20190108150926.0 | ||
| 008 | 120501s2011 ja a b 000 0 eng | ||
| 010 | _a 2012389037 | ||
| 020 | _a9789283324201 (pbk.) | ||
| 020 | _a928332420X (pbk.) | ||
| 040 |
_aDLC _beng _cDLC _erda |
||
| 042 | _apcc | ||
| 043 | _aa------ | ||
| 050 | 0 | 0 |
_aHF5549.2.A75 _bP67 2011 |
| 082 | _aT2531 H191 | ||
| 245 | 0 | 0 |
_aPopulation aging and productivity in Asian countries / _cHanam S. Phang, editor. |
| 300 |
_a142 pages : _billustrations (some color) ; _c26 cm |
||
| 504 | _aIncludes bibliographical references. | ||
| 650 | 0 |
_aPersonnel management _zAsia. _9613 |
|
| 650 | 0 |
_aLabor productivity _zAsia. _9614 |
|
| 700 | 1 |
_aPhang, Hanam S. _9615 |
|
| 710 | 2 |
_aAsian Productivity Organization. _9616 |
|
| 906 |
_a7 _bcbc _corigres _d3 _encip _f20 _gy-nonroman |
||